| 000 | 00654nam a2200265Ia 4500 | ||
|---|---|---|---|
| 005 | 20250425162801.0 | ||
| 008 | 250425s9999 xx 000 0 und d | ||
| 020 | _a8479370505 | ||
| 041 | _aspa | ||
| 043 | _asp | ||
| 082 | _a503 | ||
| 110 | _aEDICIONES OLIMPO | ||
| 245 | 0 | _aMASTER ENCICLOPEDIA TEMATICA: BIOLOGÍA, FISIOLOGÍA Y MEDICINA, ASTRONOMÍA, GEOLOGÍA | |
| 250 | _a1A ED. | ||
| 260 | _aBARCELONA | ||
| 260 |
_aEspaña _bOLIMPO _c1994 |
||
| 300 | _a405 | ||
| 650 | _aASTRONOMIA | ||
| 650 | _aBIOLOGIA | ||
| 650 | _aENCICLOPEDIA TEMÁTICA | ||
| 650 | _aFISIOLOGIA | ||
| 650 | _aMEDICINA | ||
| 942 | _c01 | ||
| 010 | _a108398 | ||
| 999 |
_c236360 _d236360 |
||